000
00328nam a2200121Ia 4500
008
171211s9999 xx 000 0 und d
020
_a
9789746522458
100
_a
Stevens, Christine Dorresteyn
245
_a
Clinical Immunology & Serology
250
_a
3rd Edition
260
_b
F.A. Davis Company
_c
2010
300
_a
454 pages
999
_c
350876
_d
350876